000 00519cam a2200205 i 4500
001 1810253
003 OSt
005 20160510093411.0
008 790619s1979 nyu 000 0 eng
010 _a 79052399
020 _a0807609307
020 _a0807609382 (pbk.)
040 _aSEKU
050 0 0 _aPS 3535 .O75
_bA17 1979
100 1 _aRosten, Norman,
_d1914-
245 0 0 _aSelected poems /
_cNorman Rosten.
260 _aNew York :
_bG. Braziller,
_cc1979.
300 _a171 p. ;
_c24 cm.
942 _2lcc
_cGEN
999 _c13519
_d13519